000 00611nam a22002417a 4500
003 UA-OsUOA
001 125137
007 ta
008 20170907b un ||||| |||| 00| 0 ukr d
100 _aКурков А.
090 _a821.161.2
_bК93
942 _cBK
040 _aUA-OsUOA
_brus
_cUA-OsUOA
_dUA-OsUOA
245 _aСмерть чужого
300 _a224 с.
955 _a3
041 _arus
080 _a821.161.2
020 _a966-95791-0-4
260 _aК.
_bПрезидент
_c2000
650 7 _a82 Література. Літературознавство
_2UDC
999 _c412269
_d412269